[Event "Windsor NAYCC U14"]
[Site "Windsor"]
[Date "2016.08.09"]
[Round "5.76"]
[White "Wilson, Kameron Tyler"]
[Black "Harichandrabose, Vicknan"]
[Result "1-0"]
[WhiteElo "1439"]
[BlackElo "1210"]
[PlyCount "67"]
[EventDate "2016.08.07"]
[EventType "swiss"]
[EventRounds "9"]
[EventCountry "CAN"]
[SourceTitle "EXT 2022"]
[Source "ChessBase"]
[SourceDate "2021.10.06"]
[SourceVersion "1"]
[SourceVersionDate "2021.10.06"]
[SourceQuality "1"]

1. c4 Nf6 2. g3 e6 3. Bg2 d5 4. e3 g6 5. Nc3 Bg7 6. Nge2 Nbd7 7. cxd5 Nb6 8. dxe6 fxe6 9. 0-0 0-0 10. d4 Re8 11. e4 c6 12. e5 Nfd5 13. Nxd5 cxd5 14. b3 Bd7 15. Be3 Bc6 16. Qd2 Qd7 17. Nc1 Rac8 18. Nd3 Bb5 19. Rfc1 Qf7 20. a4 Bxd3 21. Qxd3 Rc6 22. Rxc6 bxc6 23. Rc1 Rc8 24. Qa6 Qc7 25. Bd2 Bf8 26. Bh3 Kf7 27. Rc3 c5 28. dxc5 Bxc5 29. b4 Nc4 30. Qxe6+ Kg7 31. Qf6+ Kg8 32. Be6+ Qf7 33. Bxf7+ Kf8 34. Bh6# 1-0

[Event "Windsor NAYCC U14"]
[Site "Windsor"]
[Date "2016.08.08"]
[Round "3.72"]
[White "Cui, Kevin"]
[Black "Harichandrabose, Vicknan"]
[Result "0-1"]
[WhiteElo "1204"]
[BlackElo "1210"]
[PlyCount "100"]
[EventDate "2016.08.07"]
[EventType "swiss"]
[EventRounds "9"]
[EventCountry "CAN"]
[SourceTitle "EXT 2022"]
[Source "ChessBase"]
[SourceDate "2021.10.06"]
[SourceVersion "1"]
[SourceVersionDate "2021.10.06"]
[SourceQuality "1"]

1. e4 e6 2. d4 d5 3. e5 c5 4. Nf3 Nc6 5. c3 Bd7 6. Be3 Qb6 7. Qc2 0-0-0 8. Bd3 h6 9. Nbd2 f6 10. 0-0 Kb8 11. exf6 Nxf6 12. dxc5 Bxc5 13. Bxc5 Qxc5 14. b4 Qb6 15. a4 Rc8 16. Rfb1 Qc7 17. a5 e5 18. Bf1 e4 19. Ne1 Ng4 20. g3 h5 21. h3 Nf6 22. Nb3 Nxb4 23. cxb4 Qxc2 24. Nxc2 Rxc2 25. b5 h4 26. g4 g5 27. Rc1 Rhc8 28. Rxc2 Rxc2 29. Rc1 Rxc1 30. Nxc1 Kc7 31. Nb3 Kd6 32. a6 b6 33. Kg2 Ke5 34. f3 e3 35. Bd3 Be6 36. Bf5 Bxf5 37. gxf5 d4 38. Kf1 d3 39. Ke1 Kd5 40. Kd1 Kc4 41. Nc1 Kc3 42. Na2+ Kc4 43. Nc1 Nd5 44. Na2 Kxb5 45. Nc1 Nc3+ 46. Ke1 d2+ 47. Kf1 dxc1Q+ 48. Kg2 Qd2+ 49. Kh1 Qe1+ 50. Kg2 Qf2+ 0-1

[Event "CAN-ch U14"]
[Site "Windsor"]
[Date "2015.07.08"]
[Round "5.38"]
[White "Chowdhury, Cuinn"]
[Black "Harichandrabose, Vicknan"]
[Result "1/2-1/2"]
[WhiteElo "1250"]
[BlackElo "1016"]
[PlyCount "55"]
[EventDate "2015.07.06"]
[EventType "swiss"]
[EventRounds "7"]
[EventCountry "CAN"]
[SourceTitle "EXT 2022"]
[Source "ChessBase"]
[SourceDate "2021.10.06"]
[SourceVersion "1"]
[SourceVersionDate "2021.10.06"]
[SourceQuality "1"]

1. Nf3 e6 2. e4 d5 3. e5 c5 4. d4 Nc6 5. c3 Qb6 6. Na3 Bd7 7. Nc2 0-0-0 8. Rb1 c4 9. Be2 Nge7 10. Bg5 h6 11. Be3 Nf5 12. b3 cxb3 13. Rxb3 Qc7 14. 0-0 Na5 15. Rb1 g5 16. Bd2 g4 17. Nfe1 h5 18. g3 Rg8 19. Ng2 Be7 20. c4 Nxc4 21. Bxc4 Qxc4 22. Rc1 Kb8 23. Rb1 h4 24. Qc1 Rc8 25. Qb2 Bc6 26. Rfc1 Qa6 27. Nge3 hxg3 28. fxg3 1/2-1/2